| 000 | 00944cab a22002055a 4500 | ||
|---|---|---|---|
| 001 | L155317 | ||
| 008 | 120316s2012 xxk 000 0 eng d | ||
| 035 | _a(Sirsi) u155317 | ||
| 041 | 0 | _aeng | |
| 110 | 2 |
_aJones Lang LaSalle _93755 |
|
| 245 | 0 | 0 |
_aHong Kong Property Market Monitor _bMarch 2012 _h[electronic resource] |
| 260 |
_a[S.I.]bJLL _c2012 |
||
| 490 | 0 |
_aJones Lang LaSalle Hong Kong Property Market Monitor _vMarch 2012 |
|
| 520 | _aHighlights key developments or trends in the real estate market during the past month with a focus on the grade A office, residential, retail and industrial property markets. Table provides a list of key economic indicators, and property transaction volumes. | ||
| 590 | _aNTK KA | ||
| 651 | 4 | _aHong Kong | |
| 690 |
_aCommercial property _96227 |
||
| 856 | 4 | 0 |
_uhttps://www.joneslanglasalle.com.hk/HongKong/EN-GB/Pages/ResearchFilter.aspx _zView the report at www.joneslanglasalle.com |
| 942 | _n0 | ||
| 999 |
_c83849 _d83849 |
||